000 00480nam a22001577a 4500
005 20251108171742.0
008 250721s9999 xx 000 0 ara d
082 1 4 _aط/920.72/محم
100 1 _aحسن المحامي، محمد كامل
245 1 0 _aجان دراك :
_bالبطلة التي انقذت وطتها /
264 1 _aبيروت :
_bالمكتب العالمي،
_c[19-].
300 _a135ص
650 1 7 _aجان دراك
942 _2ddc
_cBK
999 _c61609
_d61609